Dumbo : (Registro nro. 14092)

Detalles MARC
000 -LIDER
fixed length control field 01159nam a2200349 a 4500
001 - NÚMERO DE CONTROL
Identificador de número de control
003 - IDENTIFICACDOR DE NÚMERO DE CONTROL
control field DO-SdBNP
005 - DATE AND TIME OF LATEST TRANSACTION
control field 20220318101940.0
007 - CAMPOS FIJOS DE DESCRIPCIÓN FÍSICA
fixed length control field
008 - ELEMENTOS DE LONGITUD FIJA
fixed length control field 090819s2008 mx a 000 0 spa d
020 ## - ISBN
International Standard Book Number 9789702218272
040 ## - FUENTE DE CATALOGACIÓN
Agencia que crea de manera original el registro BPMSU
Idioma de catalogación spa
Agencia que realiza la transcripción BPMSU
082 ## - NÚMERO DE CLASIFICACIÓN DECIMAL DE DEWEY
Classification number 813.5
Item number K46b 2008
Edition number 22
100 1# - ASIENTO PRINCIPAL -- NOMBRE PERSONAL
Nombre personal Kidd, Ronald
245 10 - MENCIÓN DE TITULO
Título Dumbo :
Subtítulo ¡No tan rápido! /
Mención de responsabilidad Ronald Kidd ; ilusustrado por David Scott Smith y Jody Daily; traductor Beatriz Stellino
246 13 - VARIACION DEL TÍTULO
Título propiamente dicho o título corto Padres e hijos comparten y aprenden
260 ## - PUBLICACIÓN, DISTRIBUCIÓN, ETC. (PIE DE IMPRENTA)
Lugar de publicación, distribución, etc México :
Nombre del editor, distribuidor, etc. Ediciones Larousse,
Fecha de publicación, distribución, etc 2008
300 ## - DESCRIPCIÓN FÍSICA
Extensión [42] p. :
Otros detalles físicos ils. ;
Dimensiones 27 cm.
490 0# - MENCIÓN DE SERIES
Mención de serie Mi biblioteca familiar bilingüe
534 ## - NOTA SOBRE LA VERSIÓN ORIGINAL
Asiento principal del original Texto en español e inglés
590 ## - NOTA LOCAL
Enlace Inventariado, 2022/VM
650 #4 - ENCABEZAMIENTO DE MATERIA--TEMÁTICO
Término temático o nombre geográfico como elemento de entrada Cuentos infantiles estadounidenses.
650 #4 - ENCABEZAMIENTO DE MATERIA--TEMÁTICO
Término temático o nombre geográfico como elemento de entrada Literatura infantil estadounidenses
Subdivisión de forma
700 1# - ASIENTO SECUNDARIO -- NOMBRE PERSONAL
Nombre personal Devaney, Adan
Mención de responsabilidad ilustración
700 1# - ASIENTO SECUNDARIO -- NOMBRE PERSONAL
Nombre personal Kleven, Dean
Mención de responsabilidad ilustración
700 1# - ASIENTO SECUNDARIO -- NOMBRE PERSONAL
Nombre personal Scott Smith, David
Mención de responsabilidad ilustración
Institución que aplica el campo
700 1# - ASIENTO SECUNDARIO -- NOMBRE PERSONAL
Nombre personal Daily, Jody
Mención de responsabilidad ilustraciòn
700 1# - ASIENTO SECUNDARIO -- NOMBRE PERSONAL
Nombre personal Stellinoj, Beatriz
Mención de responsabilidad traductor
710 2# - ASIENTO SECUNDARIO -- NOMBRE CORPORATIVO
Nombre corporativo o de jurisdicción Walt Disney
910 ## - VALIDACIÓN
Validación VMateo V.
942 ## - ADDED ENTRY ELEMENTS (KOHA)
Source of classification or shelving scheme Dewey Decimal Classification
Koha item type Libros
Existencias
Withdrawn status Lost status Source of classification or shelving scheme Damaged status Not for loan Collection code Home library Current library Date acquired Source of acquisition Total Checkouts Full call number Barcode Date last seen Price effective from Koha item type Copy number
    Dewey Decimal Classification     Colección Infantil General Biblioteca Pública Metropolitana Salomé Ureña Biblioteca Pública Metropolitana Salomé Ureña 03/18/2022 Compra   BPMSU CIG 813.5 K46d 2008 BPMSU22030067 03/18/2022 03/18/2022 Libros  
    Dewey Decimal Classification     Colección Infantil General Biblioteca Pública Metropolitana Salomé Ureña Biblioteca Pública Metropolitana Salomé Ureña 03/18/2022 Compra   BPMSU CIG 813.5 K46d 2008 BPMSU22030068 03/18/2022 03/18/2022 Libros e.2
    Dewey Decimal Classification     Colección Infantil General Biblioteca Pública Metropolitana Salomé Ureña Biblioteca Pública Metropolitana Salomé Ureña 03/18/2022 Compra   BPMSU CIG 813.5 K46d 2008 BPMSU22030069 03/18/2022 03/18/2022 Libros e.3
    Dewey Decimal Classification     Colección Infantil General Biblioteca Pública Metropolitana Salomé Ureña Biblioteca Pública Metropolitana Salomé Ureña 03/18/2022 Compra   BPMSU CIG 813.5 K46d 2008 BPMSU22030070 03/18/2022 03/18/2022 Libros e.4
    Dewey Decimal Classification     Colección Infantil General Biblioteca Pública Metropolitana Salomé Ureña Biblioteca Pública Metropolitana Salomé Ureña 03/18/2022 Compra   BPMSU CIG 813.5 K46d 2008 BPMSU22030071 03/18/2022 03/18/2022 Libros e.5